Η συμμετοχή της Ελλάδας στη Διάσκεψη του Αγίου Φραγκίσκου για την ίδρυση του ΟΗΕ (1945) και η πρώτη της συμμετοχή στο Συμβούλιο Ασφαλείας του Οργανισμού (1952-1953) The participation of Greece in the San Fransisco Conference for the creation of the United Nations (1945) and its first participation in the UN Security Council (1952-1953)
Αποθηκεύτηκε σε:
| Συγγραφή απο Οργανισμό/Αρχή: | |
|---|---|
| Μορφή: | Ηλεκτρονική πηγή |
| Γλώσσα: | Greek English |
| Δημοσίευση: |
[Αθήνα] :
Ελληνική Δημοκρατία. Υπουργείο Εξωτερικών. Υπηρεσία Διπλωματικού και Ιστορικού Αρχείου,
2006
|
| Θέματα: | |
| Ετικέτες: |
Προσθήκη ετικέτας
Δεν υπάρχουν, Καταχωρήστε ετικέτα πρώτοι!
|
MARC
| LEADER | 00000cmm a2200000 i 4500 | ||
|---|---|---|---|
| 001 | 1/66414 | ||
| 008 | 071206s2006####gr | | | gre|| | ||
| 035 | |l 10092880 | ||
| 040 | |a GR-MY-UA |b gre |e aacr | ||
| 041 | 0 | |a gre |a eng | |
| 082 | 0 | |a 341.23 |2 (22) | |
| 110 | 2 | |a Ελληνική Δημοκρατία |b Υπουργείο Εξωτερικών |b Υπηρεσία Διπλωματικού και Ιστορικού Αρχείου. | |
| 245 | 1 | 2 | |a Η συμμετοχή της Ελλάδας στη Διάσκεψη του Αγίου Φραγκίσκου για την ίδρυση του ΟΗΕ (1945) και η πρώτη της συμμετοχή στο Συμβούλιο Ασφαλείας του Οργανισμού (1952-1953) |h [αρχείο Η/Υ] = |b The participation of Greece in the San Fransisco Conference for the creation of the United Nations (1945) and its first participation in the UN Security Council (1952-1953) / |c Ελληνική Δημοκρατία. Υπουργείο Εξωτερικών. Υπηρεσία Διπλωματικού και Ιστορικού Αρχείου ; επιμέλεια: Φωτεινή Τομαή. |
| 246 | 1 | |i Παράλληλος τίτλος: |a The participation of Greece in the San Fransisco Conference for the creation of the United Nations (1945) and its first participation in the UN Security Council (1952-1953) | |
| 260 | |a [Αθήνα] : |b Ελληνική Δημοκρατία. Υπουργείο Εξωτερικών. Υπηρεσία Διπλωματικού και Ιστορικού Αρχείου, |c 2006 | ||
| 300 | |a 1 οπτική δισκέτα λέϊζερ Η/Υ |e 4 3/4 ίν. | ||
| 500 | |a Συλλογή Διπλωματικών και Ιστορικών Εγγράφων. | ||
| 610 | 2 | 0 | |a United Nations. |
| 852 | |a INST |b LESVOS |c AV |e 20071206 |h 341.23 ΕΛΛ |p 005100041096 |q 005100041096 |t CDROM |y 23 | ||
| 901 | |a BIBL1-2007-3 | ||
| 909 | |a Λ |b 137503 | ||
| 920 | |a Υπουργείο Εξωτερικών |b Υπηρεσία Διπλωματικού και Ιστορικού Αρχείου |y Λέσβος |z 2007-06 | ||
| 970 | |a ΚΑΡΑ |b ΓΙΑΣΕΜΗ |z 2007/12/06 | ||